| 000 | 00444nam a22001817a 4500 | ||
|---|---|---|---|
| 003 | CEME | ||
| 005 | 20210628202746.0 | ||
| 008 | 210125b xxu||||| |||| 00| 0 eng d | ||
| 020 | _a9812-53-036-3 | ||
| 040 | _c. | ||
| 082 | _a511.6 TUC | ||
| 100 |
_aTucker , Alan _961472 |
||
| 245 | _aApplied combinatorics | ||
| 260 |
_aNEW DELHI _bJOHN WILEY _c2003 |
||
| 300 | _aXI, 455 P | ||
| 650 |
_aAPPLIED COMBINATORICS _961473 |
||
| 942 |
_cBK _2ddc |
||
| 999 |
_c570911 _d570911 |
||